000 00293nam a22001337a 4500
008 170816b xxu||||| |||| 00| 0 eng d
020 _a9780495025566
041 _aeng
080 _27 ED
_a51
100 _a36
101 _aMAt
245 _aFINITE MATHEMATICS
_cTAN.S.T
942 _2udc
_cBK
999 _c23771
_d23771